000 00538nam a22001817a 4500
005 20251108165030.0
008 250721s1989 xx 000 0 ara d
082 1 4 _a216.1/شبي
100 1 _aشبير، محمد عثمان
245 1 0 _aأحكام جراحة التجميل في الفقه الإسلامي /
264 1 _aالكويت :
_bمكتبة الفلاح،
_c1989.
300 _a86ص
650 1 7 _aالإسلام
650 1 7 _aالفقه الإسلامي
650 1 7 _aالمرأة
942 _2ddc
_cBK
999 _c20416
_d20416